000 01395nam a22003377a 4500
999 _c20388
_d20388
005 20200104041805.0
008 190205b xxu||||| |||| 00| 0 spa d
020 _a9789587835427
040 _aCO-BoIAVH
_cCO-BoIAVH
041 _aspa
044 _ack
082 _a581.768
_bB56l
100 _aBetancur Betancur, Julio César,
_eautor.
245 1 4 _aLos colores del páramo de Chingaza:
_bguía de plantas
260 _aBogotá:
_bUniversidad Nacional de Colombia,
_bParques Nacionales Naturales de Colombia
_c2018.
300 _a380 páginas
_bilustraciones, fotografías a color
_c22 x 15cm
490 _aSerie guías de campo del Instituto de Ciencias Naturales, Universidad Nacional de Colombia
_v20
650 1 6 _aEcología vegetal
650 1 6 _aAngiospermas
650 1 6 _aBiodiversidad
650 1 6 _aTipos de Vegetación
_z Colombia.
650 1 6 _aBiodiversidad del páramo
_zChingaza, Cundinamarca (Colombia)
700 _aGonzáles-María Fernanda
_d1987
700 _aHernandez-Aldana, Erika
_b1994
_d1994
700 _aCastro, Cristian
_b1990
_d1990
700 _aGómez-Suescún, Fredy
_b1977
_d1977
700 _aHernandez-Rodriguez, David E
_b1991
_d1991
700 _aJaimes-R, Mateo S
_b1987
_d1987
700 _aGalindo Tarazona, Robinson
_d1974
_eautor
942 _2ddc
_cLIBRO